000
00222nam a22000857a 4500
008
160630b xxu||||| |||| 00| 0 eng d
100
_9
1552
_a
Gupta, P
245
_a
The Emperor's Nightingale
260
_a
New delhi
_b
Dreamland
_c
23
999
_c
1290
_d
1290